|
|
|
|
| LEADER |
01448nam a2200301 a 4500 |
| 001 |
GR-MES703 |
| 008 |
991111s1986 gr 000 0 gre d |
| 040 |
|
|
|a GrPaTEI
|b gre
|c GR-PaULI
|
| 245 |
0 |
0 |
|a Κάκτοι και άλλα παχύφυτα.
|
| 260 |
|
|
|a Αθήνα :
|b Π.Κουτσούμπος Α.Ε.,
|c 1986
|
| 300 |
|
|
|a 118 σελ., εικ.
|
| 490 |
1 |
|
|a Ο γεωπόνος στο σπίτι σας
|
| 500 |
|
|
|a τίτλος πρωτοτύπου: Cacti and other succulent plants
|
| 650 |
|
4 |
|a Ασθένειες
|
| 650 |
|
4 |
|a ΚΑΚΤΟΙ
|
| 650 |
|
4 |
|a Καλλιέργεια
|
| 650 |
|
4 |
|a ΚΛΙΜΑΤΟΛΟΓΙΚΕΣ ΣΥΝΘΗΚΕΣ
|
| 650 |
|
4 |
|a Παχύφυτα
|
| 650 |
|
4 |
|a Πολλαπλασιασμός
|
| 700 |
1 |
|
|a Innes, Clive
|
| 700 |
1 |
|
|a Μπαρουξής, Γιώργος
|
| 710 |
0 |
|
|a Π.Κουτσούμπος Α.Ε.
|
| 830 |
|
0 |
|1 0015500
|1 2001
|a Software development
|b Ηλεκτρονικοί πόροι : Computer language Cd-rom
|
| 942 |
|
|
|2 ddc
|
| 952 |
|
|
|0 0
|1 0
|2 ddc
|4 0
|6 583_470000000000000_INN
|7 0
|9 264151
|a MSLG
|b MSLG
|c BSC
|d 2021-01-17
|e 24
|f 0
|g 0.00
|l 0
|o 583.47 INN
|p 2420000004414
|r 2021-01-17 00:00:00
|t 1
|w 2021-01-17
|y BK15
|x 19991111 0 1
|x GrPaTEI
|
| 952 |
|
|
|0 0
|1 0
|2 ddc
|4 0
|6 583_470000000000000_INN
|7 0
|9 264152
|a MSLG
|b MSLG
|c BSC
|d 2021-01-17
|e 24
|f 0
|g 0.00
|l 0
|o 583.47 INN
|p 2420000018013
|r 2021-01-17 00:00:00
|t 1
|w 2021-01-17
|y BK15
|x 20000214 0 1
|x GrPaTEI
|
| 971 |
|
|
|a .b25717443
|b 16-04-20
|c 13-09-16
|
| 999 |
|
|
|c 152019
|d 152019
|